German Opera Overtures (O. Klemperer)-Lp Angel 36175 (Record n. 103538)
[ formato base ]
| 000 -LEADER | |
|---|---|
| fixed length control field | 01624njm a2200337Ia 4500 |
| 001 - CONTROL NUMBER | |
| control field | 23791 |
| 003 - CONTROL NUMBER IDENTIFIER | |
| control field | IT-RoPAU |
| 005 - DATE AND TIME OF LATEST TRANSACTION | |
| control field | 20220918181207.0 |
| 008 - FIXED-LENGTH DATA ELEMENTS--GENERAL INFORMATION | |
| fixed length control field | 131025s9999 xx 000 0 und d |
| 040 ## - CATALOGING SOURCE | |
| Original cataloging agency | IT-RoPAU |
| 040 ## - CATALOGING SOURCE | |
| Transcribing agency | IT-RoPAU |
| 999 ## - SYSTEM CONTROL NUMBERS (KOHA) | |
| Koha Dewey Subclass [OBSOLETE] | n.d. |
| 100 ## - MAIN ENTRY--PERSONAL NAME | |
| Personal name | AA.VV. |
| 9 (RLIN) | 794 |
| 100 ## - MAIN ENTRY--PERSONAL NAME | |
| Relator term | Autore musica |
| 9 (RLIN) | 5923 |
| 100 ## - MAIN ENTRY--PERSONAL NAME | |
| Miscellaneous information | Codice autore musica SPICS: 12000 |
| 9 (RLIN) | 796 |
| 245 ## - TITLE STATEMENT | |
| Title | German Opera Overtures (O. Klemperer)-Lp Angel 36175 |
| 250 ## - EDITION STATEMENT | |
| Edition statement | 1a ed. |
| 260 ## - PUBLICATION, DISTRIBUTION, ETC. (IMPRINT) | |
| Place of publication, distribution, etc. | NEW YORK |
| 260 ## - PUBLICATION, DISTRIBUTION, ETC. (IMPRINT) | |
| Name of publisher, distributor, etc. | ANGEL RECORDS |
| Date of publication, distribution, etc. | 1961 [1a Ed.:1961] |
| 300 ## - PHYSICAL DESCRIPTION | |
| Extent | DISCO |
| 300 ## - PHYSICAL DESCRIPTION | |
| Dimensions | 57 minuti (Testo: pag.) |
| 500 ## - GENERAL NOTE | |
| General note | Musica classica. Overture |
| 505 ## - FORMATTED CONTENTS NOTE | |
| Formatted contents note | Der Freischutz: overture [(Weber-Klemperer) (13:00)] - Euryanthe: overture [(Weber-Klemperer) (9:00)] - Oberon: overture [(Weber-Klemperer) (14:00)] - Hansel Und Gretel: overture and Dream Pantomime (9:00) - Iphigenie en Aulide: overture [(Gluck Revised By Wagner) (12:00)] |
| 511 ## - PARTICIPANT OR PERFORMER NOTE | |
| Participant or performer note | The Philharmonia Orchestra diretta da Klemperer Otto |
| 650 ## - SUBJECT ADDED ENTRY--TOPICAL TERM | |
| Topical term or geographic name as entry element | OUVERTURE [DISCHI] |
| Relator term | Codice MATERIA SPICS: 9950 |
| 9 (RLIN) | 5924 |
| 700 ## - ADDED ENTRY--PERSONAL NAME | |
| Personal name | Weber (Von) Carl M. |
| Dates associated with a name | Codice autore musica SPICS: 10693 |
| Relator term | Autore musica |
| Name of part/section of a work | Der Freischutz: overture - Euryanthe: overture - Oberon: overture |
| 9 (RLIN) | 5925 |
| 700 ## - ADDED ENTRY--PERSONAL NAME | |
| Personal name | Humperdinck Engelber |
| Dates associated with a name | Codice autore musica SPICS: 5375 |
| Relator term | Autore musica |
| Name of part/section of a work | Hansel Und Gretel: overture and Dream Pantomime |
| 9 (RLIN) | 5926 |
| 700 ## - ADDED ENTRY--PERSONAL NAME | |
| Personal name | Gluck Christophe Willibald |
| Dates associated with a name | Codice autore musica SPICS: 10452 |
| Relator term | Autore musica |
| Name of part/section of a work | Iphigenie en Aulide: overture |
| 9 (RLIN) | 5927 |
| 700 ## - ADDED ENTRY--PERSONAL NAME | |
| Personal name | Wagner Richard |
| Dates associated with a name | Codice autore SPICS: 563 |
| Relator term | Autore |
| Name of part/section of a work | Iphigenie en Aulide: overture |
| 9 (RLIN) | 5928 |
| 942 ## - ADDED ENTRY ELEMENTS (KOHA) | |
| Koha item type | DISCHI |
| Source of classification or shelving scheme | Dewey Decimal Classification |
| Withdrawn status | Lost status | Damaged status | Not for loan | Home library | Current library | Date acquired | Total Checkouts | Full call number | Date last seen | Price effective from | Koha item type | Public note |
|---|---|---|---|---|---|---|---|---|---|---|---|---|
| Buone Condizioni | Not For Loan | SPICS-MEDIATECA | SPICS-MEDIATECA | 25/10/2013 | 23791 | 25/10/2013 | 25/10/2013 | DISCHI | Progr. Ins.: 4638 / N.Vol.: 1 / Copie: 1 - Copia rara: n.d. / date import: 01.01.2014 - By Epidotti, Trombetti, Vaglietti |